Flowers in the gutter : (Record no. 409865)
[ view plain ]
| 000 -LEADER | |
|---|---|
| fixed length control field | 02229pam a2200457 i 4500 |
| 001 - CONTROL NUMBER | |
| control field | 2019047969 |
| 003 - CONTROL NUMBER IDENTIFIER | |
| control field | DLC |
| 005 - DATE AND TIME OF LATEST TRANSACTION | |
| control field | 20250714153146.0 |
| 008 - FIXED-LENGTH DATA ELEMENTS--GENERAL INFORMATION | |
| fixed length control field | 191125s2020 nyua d b 001 0deng |
| 010 ## - LIBRARY OF CONGRESS CONTROL NUMBER | |
| LC control number | 2019047969 |
| 020 ## - INTERNATIONAL STANDARD BOOK NUMBER | |
| International Standard Book Number | 9780525555414 |
| Qualifying information | (hardcover) |
| 020 ## - INTERNATIONAL STANDARD BOOK NUMBER | |
| Cancelled/invalid ISBN | 9780525555421 |
| Qualifying information | (ebook) |
| 035 ## - SYSTEM CONTROL NUMBER | |
| System control number | (OCoLC)1129395007 |
| 040 ## - CATALOGING SOURCE | |
| Original cataloging agency | DLC |
| Language of cataloging | eng |
| Description conventions | rda |
| Transcribing agency | DLC |
| Modifying agency | TnLvILS |
| 042 ## - AUTHENTICATION CODE | |
| Authentication code | pcc |
| 043 ## - GEOGRAPHIC AREA CODE | |
| Geographic area code | e-gx--- |
| 050 00 - LIBRARY OF CONGRESS CALL NUMBER | |
| Classification number | DD256.3 |
| Item number | .G29 2020 |
| 082 00 - DEWEY DECIMAL CLASSIFICATION NUMBER | |
| Classification number | 940.53/43 |
| Edition number | 23 |
| 100 1# - MAIN ENTRY--PERSONAL NAME | |
| Personal name | Gaddy, K. R., |
| Relator term | author. |
| 9 (RLIN) | 6070960 |
| 245 10 - TITLE STATEMENT | |
| Title | Flowers in the gutter : |
| Remainder of title | the true story of the Edelweiss Pirates, teenagers who resisted the Nazis / |
| Statement of responsibility, etc | K.R. Gaddy. |
| 246 30 - VARYING FORM OF TITLE | |
| Title proper/short title | True story of the Edelweiss Pirates, teenagers who resisted the Nazis |
| 264 #1 - Production, Publication, Distribution, Manufacture, and Copyright Notice. | |
| Place of production, publication, distribution, manufacture | New York : |
| Name of producer, publisher, distributor, manufacturer | Dutton Books, |
| Date of production, publication, distribution, manufacture, or copyr | [2020] |
| 300 ## - PHYSICAL DESCRIPTION | |
| Extent | 301 pages : |
| Other physical details | illustrations ; |
| Dimensions | 24 cm |
| 336 ## - Content Type | |
| Content type term | text |
| 337 ## - Media type | |
| Media type term | unmediated |
| 338 ## - Carrier type | |
| Carrier type term | volume |
| 504 ## - BIBLIOGRAPHY, ETC. NOTE | |
| Bibliography, etc | Includes bibliographical references (pages 286-292) and index. |
| 505 0# - FORMATTED CONTENTS NOTE | |
| Formatted contents note | PROLOGUE: Late 1942 -- 1932-1938 -- 1939-1942 -- 1942-1943 -- 1943-1944 -- Fall 1944 -- 1944-1945 -- 1945-2019. |
| 520 ## - SUMMARY, ETC. | |
| Summary, etc | "The Edelweiss Pirates were a loosely organized group of working-class young people in the Rhine Valley of Germany. They faced off with Nazis during the Third Reich and suffered consequences for their resistance during and after World War II."-- |
| -- | Provided by publisher. |
| 521 1# - TARGET AUDIENCE NOTE | |
| Target audience note | Ages 12-18 |
| Source | Dutton Books |
| 521 0# - TARGET AUDIENCE NOTE | |
| Target audience note | Grades 10-12 |
| Source | Dutton Books |
| 610 20 - SUBJECT ADDED ENTRY--CORPORATE NAME | |
| Corporate name or jurisdiction name as entry element | Edelweisspiraten (Resistance groups) |
| General subdivision | History |
| Form subdivision | Juvenile literature. |
| 9 (RLIN) | 6548707 |
| 650 #0 - SUBJECT ADDED ENTRY--TOPICAL TERM | |
| Topical term or geographic name as entry element | Anti-Nazi movement |
| Geographic subdivision | Germany |
| Form subdivision | Juvenile literature. |
| 9 (RLIN) | 6548708 |
| 650 #0 - SUBJECT ADDED ENTRY--TOPICAL TERM | |
| Topical term or geographic name as entry element | World War, 1939-1945 |
| General subdivision | Underground movements |
| Geographic subdivision | Germany |
| Form subdivision | Juvenile literature. |
| 9 (RLIN) | 6548709 |
| 650 #0 - SUBJECT ADDED ENTRY--TOPICAL TERM | |
| Topical term or geographic name as entry element | Holocaust, Jewish (1939-1945) |
| Geographic subdivision | Germany |
| Form subdivision | Juvenile literature. |
| 9 (RLIN) | 6503209 |
| 650 #0 - SUBJECT ADDED ENTRY--TOPICAL TERM | |
| Topical term or geographic name as entry element | Teenagers |
| Geographic subdivision | Germany |
| General subdivision | History |
| Chronological subdivision | 20th century |
| Form subdivision | Juvenile literature. |
| 9 (RLIN) | 6548710 |
| 610 21 - SUBJECT ADDED ENTRY--CORPORATE NAME | |
| Corporate name or jurisdiction name as entry element | Edelweisspiraten (Resistance groups) |
| 9 (RLIN) | 6548711 |
| 650 #1 - SUBJECT ADDED ENTRY--TOPICAL TERM | |
| Topical term or geographic name as entry element | Anti-Nazi movement |
| Geographic subdivision | Germany. |
| 9 (RLIN) | 79303 |
| 650 #1 - SUBJECT ADDED ENTRY--TOPICAL TERM | |
| Topical term or geographic name as entry element | World War, 1939-1945 |
| General subdivision | Underground movements. |
| 9 (RLIN) | 94294 |
| 650 #1 - SUBJECT ADDED ENTRY--TOPICAL TERM | |
| Topical term or geographic name as entry element | Holocaust, Jewish (1939-1945) |
| Geographic subdivision | Germany. |
| 9 (RLIN) | 101161 |
| Withdrawn status | Lost status | Source of classification or shelving scheme | Damaged status | Not for loan | Collection code | Home library | Current library | Shelving location | Date acquired | Source of acquisition | Total Checkouts | Total Renewals | Full call number | Barcode | Date last seen | Date checked out | Cost, replacement price | Price effective from | Koha item type |
|---|---|---|---|---|---|---|---|---|---|---|---|---|---|---|---|---|---|---|---|
| Dewey Decimal Classification | Young Adult NonFiction | Wasatch County Library | Wasatch County Library | Second Floor | 08/12/2025 | Ingram | 1 | 2 | YA 940.53 Gaddy | 34301002163782 | 09/30/2025 | 08/20/2025 | 19.99 | 08/12/2025 | BOOK |
